Building a marketing plan: a complete guide
Na minha lista:
| Main Authors: | , , |
|---|---|
| Formato: | Livro |
| Idioma: | inglês |
| Publicado em: |
Nueva York
Business Expert Press
2011
|
| Edição: | 1a. ed |
| Colecção: | The Marketing Strategy Collection
|
| Assuntos: | |
| Tags: |
Adicionar Tag
Sem tags, seja o primeiro a adicionar uma tag!
|
MARC
| LEADER | 00000cam a2200000 a 4500 | ||
|---|---|---|---|
| 001 | UCC6583 | ||
| 003 | CL-VaPUC | ||
| 008 | 181220e20110000us |||||||||||||||||eng|d | ||
| 020 | |a 9781606491591 | ||
| 082 | 0 | 4 | |a 658.8 |b WON |2 21 |
| 100 | 0 | |a Wong, Ho Yin |e author |9 601077 | |
| 700 | 0 | |a Radel, Kylie |e author |9 601078 | |
| 700 | 0 | |a Ramsaran-Fowdar, Roshnee |e author |9 601079 | |
| 245 | 1 | 0 | |a Building a marketing plan: a complete guide |
| 250 | |a 1a. ed | ||
| 300 | |a 221 p | ||
| 942 | |c BK | ||
| 945 | |d 20181220 17:39:00 |a dcastane | ||
| 260 | |a Nueva York |b Business Expert Press |c 2011 | ||
| 650 | 0 | |a Marketing |9 259324 | |
| 650 | 7 | |a MERCADEO |2 CL-VaPUC |9 261154 | |
| 650 | 0 | |a Administración de empresas |9 260833 | |
| 583 | |a last modification |c 20181220 17:39:00 |k Rodrigo Vera | ||
| 490 | 0 | |a The Marketing Strategy Collection | |
| 999 | |c 373522 |d 373520 | ||
| 952 | |0 0 |1 0 |3 erb |4 0 |6 658_800000000000000_WON_2011 |7 0 |8 A |9 491649 |a BIBING |b BIBING |i 5523753 |o 658.8 WON 2011 |p 5523753 |r 2025-01-20 |w 2019-11-24 |y BK |z Catalogado en:20181220 |k EII | ||
| 952 | |0 0 |1 0 |3 erb |4 0 |6 658_800000000000000_WON_2011 |7 0 |8 A |9 491650 |a BIBING |b BIBING |i 5523745 |o 658.8 WON 2011 |p 5523745 |r 2025-01-20 |w 2019-11-24 |y BK |z Catalogado en:20181220 |k EII | ||